000 00741nam a22002655i 4500
001 11714
003 ES-MaACL
005 20240507102622.0
007 t|
008 920430s1992 sp ||||0| spa j
020 _a84-406-2701-7
040 _aM-BN
_bspa
_cM-BN
080 _a820(680)-32"19"
100 1 _aGordimer, Nadine.
_959148
245 1 3 _aEl salto /
_cNadine Gordimer ; traducción, Víctor Pozanco.
250 _a[1ª ed.].
260 _aBarcelona :
_bEdiciones B,
_c1992.
300 _a234 p ;
_c22 cm.
490 1 _aTiempos modernos
700 0 _aPozanco, Víctor,
_d1940-
_993527
830 0 _aTiempos modernos
_9178583
852 _aES-MaACL
_jL-19003
_bR.123131
999 _c11714
_d11714